000
00296nam a2200097Ia 4500
008
220204s9999 xx 000 0 und d
082
_a
693.3
_b
UNI
245
0
_a
United States. Department of the interior bureau of reclamation. Earth manual
260
_a
New Delhi
_b
Oxford and IBH
_c
1977
942
_c
BK
999
_c
27601
_d
27601